| 000 | 00725cam a22002653a 4500 | ||
|---|---|---|---|
| 001 | 22337 | ||
| 003 | PGUSA | ||
| 005 | 20140828083456.0 | ||
| 008 | 070816s2007||||xxu|||||s|||||000 | eng d | ||
| 040 |
_aPGUSA _beng |
||
| 042 | _adc | ||
| 050 | 4 | _aDP | |
| 100 | 1 |
_aFlorian, _d1755-1794 |
|
| 245 | 1 | 0 |
_aHistory of the Moors of Spain _h[electronic resource] / _cFlorian |
| 260 |
_bProject Gutenberg, _c2007 |
||
| 506 | _aPublic domain in the USA. | ||
| 516 | _aElectronic text | ||
| 653 | _aIslamic Empire -- History | ||
| 653 | _aArabs -- Spain | ||
| 653 | _aSpain -- History -- 711-1516 | ||
| 653 | _aIslam | ||
| 830 | 0 |
_aProject Gutenberg _v22337 |
|
| 856 | 4 | 0 | _uhttp://www.gutenberg.org/ebooks/22337 |
| 942 | _cEB | ||
| 999 |
_c251592 _d251592 |
||